000 00609nam a2200193Ia 4500
008 191130s2002##################000#0#eng##
020 _a780521575706
040 _aACL
_cACL
082 _a327 BRO
100 _aBrown, Chris
245 _aInternational relations in political thought
_cChris Brown, Terry Nardin and Nicholas Rengger
260 _aCambridge
_bCambridge University Press
_c2002
300 _axii, 617 p. : 24 cm
500 _aIncludes bibliographical references and index
700 _aNardin, Terry
990 _a1011f59fac10000c0d65d16a034ae26f
991 _a141087
999 _c218222
_d218222